NBA Players from the SEC (2024 - 2025) - Statistics

General Stats
  • This quiz has been taken 56 times
  • The average score is 34 of 85
Answer Stats
Answer % Correct
Anthony Edwards
89%
Anthony Davis
87%
Justin Edwards
87%
Kevin Durant
85%
Trae Young
78%
Devin Booker
70%
Karl-Anthony Towns
70%
Shai Gilgeous-Alexander
70%
Collin Sexton
67%
Darius Garland
67%
Jabari Smith, Jr.
67%
Ben Simmons
65%
De'Aaron Fox
65%
Dorian Finney-Smith
65%
Grant Williams
65%
Jaylin Williams
65%
Michael Porter, Jr.
65%
Nick Smith, Jr.
65%
Robert Williams
65%
Brandon Miller
59%
Bradley Beal
57%
Bam Adebayo
54%
Herb Jones
54%
Antonio Reeves
52%
Austin Reaves
52%
Tyler Herro
52%
Tyrese Maxey
52%
Cam Thomas
50%
Keldon Johnson
50%
Keon Johnson
50%
Buddy Hield
48%
Al Horford
46%
Jamal Murray
46%
Malik Monk
46%
Myles Turner
46%
Tobias Harris
43%
G.G. Jackson
43%
Isaiah Jackson
43%
Aaron Nesmith
41%
Nicolas Claxton
41%
Dalton Knecht
39%
Julius Randle
39%
Kobe Brown
39%
Jarrett Allen
37%
Naz Reid
37%
Alex Caruso
35%
Anthony Black
35%
P.J. Washington
33%
Reed Sheppard
33%
Walker Kessler
33%
Cason Wallace
30%
DeAndre Jordan
30%
Immanuel Quickley
30%
Isaac Okoro
30%
Kentavious Caldwell-Pope
30%
Jaxson Hayes
28%
Tristan Thompson
28%
Jordan Clarkson
26%
Khris Middleton
26%
Rob Dillingham
26%
Tre Mann
26%
Daniel Gafford
24%
Scotty Pippen, Jr.
24%
Tari Eason
24%
Bobby Portis
20%
Isaiah Joe
20%
Jordan Walsh
20%
Luke Kornet
20%
Moses Moody
20%
Jericho Sims
17%
Keon Ellis
17%
Shaedon Sharpe
17%
Cory Joseph
15%
Ricky Council IV
15%
Trey Lyles
15%
Nick Richards
13%
Noah Clowney
13%
Trendon Watford
13%
Jaden Springer
11%
Jarred Vanderbilt
11%
B.J. Boston, Jr.
9%
Chris Livingston
9%
Garrett Temple
7%
Duop Reath
4%
Julian Phillips
4%
No matching quizzes found
Score Distribution
Percent of People with Each Score
Percentile by Number Answered
Your Score History
You have not taken this quiz